dark night rises - Statistics

General Stats
  • This quiz has been taken 9 times
  • The average score is 6 of 10
Answer Stats
Hint Answer % Correct
Batman's enemy bane
100%
actor who plays Batman christian bale
89%
director Christopher Nolan
89%
so you think that the _______ is your ally darkness
78%
Police commissioner Gordon
78%
actor who plays batman's enemy Tom Hardy
67%
no time for ____. ____ comes later fear
33%
NFL team featured in the movie Pittsburgh Steelers
22%
Prison where Batman escapes the pit
11%
Doctor who makes the atomic bomb Dr. Pavel
0%
No matching quizzes found
Score Distribution
Percent of People with Each Score
Percentile by Number Answered
Your Score History
You have not taken this quiz